|
|
|
|
| LEADER |
01109fam a2200229 a 4500 |
| 020 |
|
|
|a 0471551783 (v. 1 : acidfree)
|
| 082 |
0 |
0 |
|a 519.57
|b HIN/DE
|
| 100 |
1 |
|
|a Hinkelmann, Klaus,
|
| 245 |
1 |
0 |
|a Design and analysis of experiments /
|
| 250 |
|
|
|a [Rev. ed.].
|
| 260 |
|
|
|a New York :
|b J. Wiley,
|c c1994-
|
| 300 |
|
|
|a v. <1 > :
|b ill. ;
|
| 490 |
1 |
|
|a Wiley series in probability and mathematical statistics. Applied probability and statistics
|
| 500 |
|
|
|a Kempthorne's name appears first on previous edition.
|
| 500 |
|
|
|a "A Wiley-Interscience publication."
|
| 505 |
1 |
|
|a v. 1. Introduction to experimental design.
|
| 650 |
|
0 |
|a Experimental design.
|
| 700 |
1 |
|
|a Kempthorne, Oscar.
|
| 942 |
|
|
|c BK
|
| 999 |
|
|
|c 10458
|d 10458
|
| 952 |
|
|
|0 0
|1 0
|4 0
|6 519_570000000000000_HIN_DE
|7 0
|8 NFIC
|9 13634
|a KUFOSSMEL
|b KUFOSSMEL
|c GEN
|d 2016-07-26
|e KUFOS Central Library
|o 519.57 HIN/DE
|p 16884
|r 2016-07-26
|y BK
|z VOL 1 : Introduction to Experimental Design
|
| 952 |
|
|
|0 0
|1 0
|4 0
|6 519_570000000000000_HIN_DE
|7 0
|8 NFIC
|9 13636
|a KUFOS
|b KUFOS
|c GEN
|d 2016-07-26
|o 519.57 HIN/DE
|p 16885
|r 2016-07-26
|w 2016-07-26
|y BK
|z vol 2 : Advanced Experimental Design
|